| 000 | 00465nam a22001697a 4500 | ||
|---|---|---|---|
| 999 |
_c524259 _d524259 |
||
| 003 | NUST | ||
| 038 | _awaseem | ||
| 082 |
_a891.422 _bBAB |
||
| 100 |
_aGarjakhi,Babu Javed _915068 |
||
| 245 |
_aSanjhi Beri / _cBabu Javed Garjakhi |
||
| 260 |
_aGujranwala : _bFarogh e Adab Akadmi, _c1997. |
||
| 300 | _a160 p. ; | ||
| 500 | _aHardcover. | ||
| 880 |
_6100-01\r _aبابوجاویدگرجاکھی |
||
| 880 |
_6245-02\r _aسانجھی بیڑی / |
||
| 942 |
_2ddc _cBK |
||